| 000 | 00700cam a2200193 a 4500 | ||
|---|---|---|---|
| 020 | _a1584855215 (pbk) | ||
| 020 | _a1584855975 | ||
| 040 | _cDLC | ||
| 082 | 0 | 0 | _a874 AME 2002 A112 Or. |
| 100 | 1 | _aDivakaruni, Chitra Banerjee, | |
| 245 | 1 | 0 | _aNeela, victory song / |
| 260 |
_aMiddleton, Wis. : _bAmerican Girl(r), _cc2002. |
||
| 300 |
_a196 p. : _bill. (some col.) ; _c19 cm. |
||
| 520 | _aIn 1939, twelve-year-old Neela meets a young freedom fighter at her sister's wedding and soon after must rely on his help when her father fails to return home from a march in Calcutta against British occupation. | ||
| 650 | 1 | _aNationalism | |
| 650 | 1 | _aSex role | |
| 700 | 1 | _aHowell, Troy, | |
| 942 | _cEK | ||
| 999 |
_c16687 _d16687 |
||